000 00704nam a22002057a 4500
005 20251108172415.0
008 250721s2003 xx 000 0 ara d
082 1 4 _a291/حاف
100 1 _aالحافظ، محمد نضال
_eمؤلف
245 1 0 _aالحقيقة بين النبوءة و السياسة :
_bالتوراة - الأناجيل - نوستراداموس - القرآن الكريم /
264 1 _aدمشق :
_bدار الأوائل،
_c2003.
300 _a400ص.
650 1 7 _aالديانات المقارنة
650 1 7 _aالتوراة
650 1 7 _aالأناجيل
650 1 7 _aالقرآن الكريم
650 1 7 _aالنبوات
942 _2ddc
_cBK
999 _c78519
_d78519